01548nam a2200265Ia 4500001000600000003000900006008004100015040001300056040001300069041001300082100002000095100002900115240007800144240003500222245006400257245006500321250001100386260001100397260001500408260004900423300005600472500069800528650002501226650003101251A0894IT-RoPAU130308s9999 xx 000 0 und d aIT-RoPAU cIT-RoPAU aITALIANO aBroadbent Simon gCodice Aut. SPICS: 34775 aADVERTISING budget (THE): THE ADVERTISER'S. guide to budget DETERMINATION gCodice Tit. Orig. Spics: T2361 aBudget pubblicitario (Il)-Tecniche e metodi di costituzione bBudget pubblicitario (Il)-Tecniche e Metodi di Costituzione a1a ed. aMILANO bEtas Libri c1990 [1° Ed.:1990 - Ed.Ling.Originale:1990] a"254 p. (prefazione: 10; testo: 244 [pagine: 0-0])" aAgenzia Pubblicitaria. Timing: Pianificazione e Valutazione della Pubblicità. Effetti della Pubblicità Sulle Marche. prezzo e Promozioni. Attivita'Della Pubblicità. Effetti a Bereve e a lungo Termine. budget della Marca.Budget Promozionale. Pubblicità a Confronto con Lo Sconto Sui Prezzi. Processo Raccomandato. Obiettivi di Marca. Storia del Marketing della marca e Previsioni. Rapporto tra Pubblicità e Vendite. vari Metodi. indagini Sulladeterminazione del Budget. Dirct Marketing. Pubblicità Aziendale. Valutazione ideale di una Campagna. Morte di una Marca. Costruzione del Franchise di Marca. revisione Trimestrale del Budget. Strategia di Marca. soluzioni di Casi Concreti. aSAGGI DI PUBBLICITA' eCodice materia Spics: 6211